000 00530nai a2200169Ia 4500
003 IN-BaIIA
008 211028c9999 xx s 000 0 eng d
022 _a0042-207X (Online)
040 _cIIA Library
245 0 _aVacuum
_h[eJournal]
260 _aOxford, U.K
_bPergamon
310 _aMonthly
362 _a46(1); 1995 - Present
521 _bSubscribed through National Knowledge Resource Consortium (NKRC)
856 _uhttps://www.sciencedirect.com/science/journal/0042207X
_yClick Here to Access eJournal
942 _cEJ
999 _c35853
_d35853